Sports Quiz

Random Sports or Soccer Quiz

Ballon d'Or Winner & World Cup Finalist Quiz Stats

 Plays Quiz Updated Jun 20, 2018

Challenge
Share
Tweet
Embed
Score 0/16 Timer 03:00
45 Plays Today
% Correct
Ronaldo
86.1%
Zinedine Zidane
85.2%
Lionel Messi
84.4%
Ronaldinho
83.4%
Franz Beckenbauer
80.8%
Fabio Cannavaro
78.3%
Johan Cruyff
76.6%
Gerd Muller
76%
% Correct
Rivaldo
70.5%
Bobby Charlton
67.1%
Lothar Matthaus
64.2%
Roberto Baggio
61.8%
Karl-Heinz Rummenigge
49.6%
Paolo Rossi
49.5%
Gianni Rivera
26.2%
Josef Masopust
14.5%

You're not logged in!

Compare scores with friends on all Sporcle quizzes.
Join for Free
OR
Log In

You Might Also Like...

Show Comments

Extras

Top Quizzes Today


Score Distribution

Your Account Isn't Verified!

In order to create a playlist on Sporcle, you need to verify the email address you used during registration. Go to your Sporcle Settings to finish the process.

Report this User

Report this user for behavior that violates our Community Guidelines.

Details: